000 01282nam a2200301 4500
999 _c13203
_d13203
003 MIRAKIL
005 20190429113235.0
008 190429b tu ||||| |||| 00| 0 tur d
020 _a9786053994978
040 _aTR-AnCHP
_cTR-AnCHP
041 _atur
082 _a616.8914
_bD34ç 2017
100 _aDelgado, Sergio V.
245 1 0 _aÇocuk ve ergenler için çağdaş psikodinamik psikoterapi :
_bÖzelliklerarasılık ile sinirbilimi bütünleştirmek /
_cSergio V. Delgado, Jeffrey R. strawn, Ernest V. Pedapati ; çevirenler Hilal Akekmekçi - Ufuk Tura - Renan Kahyaoğlu
260 _aİstanbul :
_bİstanbul Bilgi Üniversitesi Yayınları,
_c2017.
300 _axxxviii, 480 s.:
_bres., grf.;
_c23 sm.
490 0 _aİstanbul Bilgi Üniversitesi Yayınları ;
_aPsikanaliz/psikoloji dizisi ;
_v607.
_x15.
504 _aKaynakça ve dizin vardır.
_aKaynakça bölüm sonlarındadır.
650 0 _95678
_aPsikanaliz
_x Felsefe
650 0 _95679
_a Çocuk psikopatolojisi
650 0 _95680
_aÇocuklar için psikodinamik psikoterapi
700 _95681
_aStrawn, Jeffrey R.
700 _95682
_aPedapati, Ernest V.
700 _95683
_aAkekmekçi, Hilal
_eçev.
700 _95684
_aTura, Ufuk
_eçev.
700 _95685
_aKahyaoğlu, Renan
_eçev.
942 _2ddc
_cBKS